000 01195nam a22003377a 4500
003 CHAP
005 20220329141728.0
008 971013s1974 r 00010 d
010 _a72924
011 _a73896
035 _a83454
040 _cCHAP
090 _aTesis
100 0 0 _aCantú Garza, Servando.
_918506
245 _aSuplementación de melaza con 3 de úrea a libre acceso a becerros CHarolais al destete en praderas de zacate Rhodes (Cholris gayana Kunt)
260 _a(Monterrey, N. L.) :
_bEl autor,
_c1974
300 _a46 h.
502 _aTesis (Ing. Agr. Zootecnista) -- ITESM. Div. de Ciencias Agropecuarias y Marítimas
590 _aALEPH
_b10
_c20130110
_lUCH01
_h1414
590 _aBATCH-UPD
_b10
_c20130110
_lUCH01
_h1157
590 _aBATCH-UPD
_b10
_c20130410
_lUCH01
_h0740
590 _aBATCH-UPD
_b10
_c20130914
_lUCH01
_h1517
590 _aCONVERSION
_b10
_c20130109
_lUCH01
_h1340
650 1 4 _aGanado lechero
_xAlimentación.
_945238
650 1 4 _aMelaza en alimentación animal.
_974315
650 1 4 _aUrea en alimentación animal.
_9116890
650 1 4 _aZacate Rhodes.
_9123398
901 _aBK
942 _cLIBRO
949 _bBC
_cTES
_d-38033
_eLIBRO
_i83454
_si
999 _c72924
_d72924